<?xml version="1.0" encoding="UTF-8"?>
<collection xmlns:xsi="http://www.w3.org/2001/XMLSchema-instance" xsi:schemaLocation="http://www.loc.gov/MARC21/slim http://www.loc.gov/standards/marcxml/schema/MARC21slim.xsd" xmlns="http://www.loc.gov/MARC21/slim">
 <record>
  <leader>00000cam a22000004a 4500</leader>
  <controlfield tag="001">UP-1685523046124955859</controlfield>
  <controlfield tag="003">Buklod</controlfield>
  <controlfield tag="005">20230503092606.0</controlfield>
  <controlfield tag="006">m    |o  d |      </controlfield>
  <controlfield tag="007">cr |||||||||||</controlfield>
  <controlfield tag="008">071031s        xx     d     r    |||| u|</controlfield>
  <datafield tag="035" ind1=" " ind2=" ">
   <subfield code="a">(iLib)UPMNL-00000005353</subfield>
  </datafield>
  <datafield tag="090" ind1=" " ind2=" ">
   <subfield code="a">QP 88.2</subfield>
   <subfield code="b">E871 1965</subfield>
  </datafield>
  <datafield tag="110" ind1="1" ind2=" ">
   <subfield code="a">Schweizerisches Forschungsinstitut für Hochgebirgsklima und Medizin. Laboratorium für experimentelle Chirurgie. Conference:European Symposium on Calcified Tissues, 3rd, Davos, Switzerland, 1965</subfield>
  </datafield>
  <datafield tag="245" ind1="0" ind2="0">
   <subfield code="a">Calcified tissues, 1965</subfield>
   <subfield code="b">proceedings of the Third European Symposium on Calcified Tissues held at Davos (Switzerland), April 11th-16th, 1965</subfield>
   <subfield code="c">sponsored by the Laboratorium für experimentelle Chirurgie, Schweizerisches Forschungsinstitut, Dav.</subfield>
  </datafield>
  <datafield tag="264" ind1=" " ind2="1">
   <subfield code="a">Berlin</subfield>
   <subfield code="b">Springer-Verlag</subfield>
   <subfield code="c">196</subfield>
  </datafield>
  <datafield tag="300" ind1=" " ind2=" ">
   <subfield code="a">xiv, 280 p., [1] leaf of plates</subfield>
   <subfield code="b">ill.</subfield>
   <subfield code="c">25 c</subfield>
  </datafield>
  <datafield tag="500" ind1=" " ind2=" ">
   <subfield code="a">English or Frenc</subfield>
  </datafield>
  <datafield tag="650" ind1=" " ind2="0">
   <subfield code="a">Bone</subfield>
   <subfield code="x">Congresse.</subfield>
  </datafield>
  <datafield tag="650" ind1=" " ind2="0">
   <subfield code="a">Bones</subfield>
   <subfield code="x">Diseases</subfield>
   <subfield code="x">Congresse.</subfield>
  </datafield>
  <datafield tag="650" ind1=" " ind2="0">
   <subfield code="a">Calcification</subfield>
   <subfield code="x">Congresse.</subfield>
  </datafield>
  <datafield tag="852" ind1="0" ind2=" ">
   <subfield code="a">UPMNL</subfield>
   <subfield code="b">DENT</subfield>
   <subfield code="h">QP 88.2 E871 1965</subfield>
  </datafield>
  <datafield tag="942" ind1=" " ind2=" ">
   <subfield code="a">Book</subfield>
  </datafield>
 </record>
</collection>
